00302nam a2200109Ia 4500008004000000082001600040100003600056245003100092260003100123300000800154650003000162210210b1968 xxu||||| |||| 00| 0 eng d a512.55 KELL aKELLEY (J L) & NAMIOKA (Isaac). aLinear topological spaces. aLondonbVan Nostrandc1968 a256 aLinear topological spaces